| 000 | 00905 a2200205 4500 | ||
|---|---|---|---|
| 003 | Nust | ||
| 005 | 20221117094001.0 | ||
| 010 | _a 86004042 | ||
| 020 | _a0471879789 | ||
| 040 | _cNust | ||
| 082 | 0 | 0 | _a621.3693,LEE |
| 100 | 1 |
_aLee, Donald L. _970564 |
|
| 245 | 1 | 0 |
_aElectromagnetic principles of integrated optics / _cDonald L. Lee. |
| 260 |
_aNew York : _bWiley, _cc1986. |
||
| 300 |
_axv, 331 p. : _bill. ; _c24 cm. |
||
| 505 | _aIntroduction (Page-1), Basic Electromagnetic Theory (Page-13), Reflection and Transmission at a Dielectric Interface (Page-51), The Slab Dielectric Waveguide (Page-77), Practical Waveguiding Geometries (Page-113), The Prism Coupler (Page-147), Waveguide Fabrication (Page-171), Mode Coupling (Page-209), Bragg Scattering (Page-247), Optical Fibers (Page-275). | ||
| 650 | 0 |
_aElectromagnetic theory. _910270 |
|
| 650 | 0 |
_aIntegrated optics. _966160 |
|
| 942 |
_2ddc _cBK |
||
| 999 |
_c181114 _d181114 |
||